000 00314nam a2200133Ia 4500
005 20251222152007.0
008 251222s9999||||xx |||||||||||||| ||spa||
020 _a978-84-7903-998-1
082 _a570/C24
100 _a"Campbell, Neil A.Reece, Jane B."
245 0 _aBiologĂ­a
250 _a7a.ed.
942 _cLIB
999 _c24774
_d24774